Aplikácia evolučných algoritmov na riešenie úlohy obchodného cestujúceho
Informácia o cieľoch dizertačnej práce, ktorej obhajoba sa konala 19.12. 2005. Práca prezentuje výsledky úsilia zameraného na analýzu možnosti použitia alternatívnych novších prístupov k riešeniu náročnej a aplikačne zaujímavej úlohy obchodného cestujúceho (Traveling Salesman Problem - TSP) Alterna...
Na minha lista:
| Autor principal: | |
|---|---|
| Formato: | Capítulo de Livro |
| Idioma: | eslovaco |
| Assuntos: | |
| Tags: |
Sem tags, seja o primeiro a adicionar uma tag!
|
MARC
| LEADER | 00000naa$a2200000$$$4500 | ||
|---|---|---|---|
| 001 | 0051443 | ||
| 005 | 20240502071612.9 | ||
| 041 | 0 | |a slo | |
| 044 | |a SK | ||
| 245 | 1 | 0 | |a Aplikácia evolučných algoritmov na riešenie úlohy obchodného cestujúceho |c Zuzana Čičková |
| 520 | |a Informácia o cieľoch dizertačnej práce, ktorej obhajoba sa konala 19.12. 2005. Práca prezentuje výsledky úsilia zameraného na analýzu možnosti použitia alternatívnych novších prístupov k riešeniu náročnej a aplikačne zaujímavej úlohy obchodného cestujúceho (Traveling Salesman Problem - TSP) Alternatívu v práci reprezentujú algoritmy z množiny evolučných techník riešenia úloh, korešpondujúcich so súčasnou poznatkovou bázou umelej inteligencie a informatiky. | ||
| 610 | 2 | 0 | |a cestujúci |
| 610 | 2 | 0 | |a inteligencia umelá |
| 610 | 2 | 0 | |a práce kvalifikačné |
| 610 | 2 | 0 | |a predajcovia |
| 610 | 2 | 0 | |a obchodní cestujúci |
| 100 | 1 | |a Čičková, Zuzana, 1978- | |